Normal view
MARC view
Entry Nombre corporativo
001 - NÚMERO DE CONTROL
- campo de control: 662
003 - IDENTIFICADOR DE NÚMERO DE CONTROL
- campo de control: DLC
005 - FECHA Y HORA DE LA ÚLTIMA TRANSACCIÓN
- campo de control: 20260226183847.0
008 - ELEMENTOS DE DATO DE LONGITUD-FIJA
- campo de control de longitud fija: 810107n| azannaabn |a ana
010 ## - NÚMERO DE CONTROL DE LA BIBLIOTECA DEL CONGRESO
- Número de control de LC: n 50056833
024 7# - IDENTIFICADOR DE OTROS ESTÁNDARES
- Número estándar o código: Q127962
- Fuente: wikidata
035 ## - NÚMERO DE CONTROL DEL SISTEMA
- Número de control de sistema: (OCoLC)oca00091497
040 ## - FUENTE DE CATALOGACIÓN
- Centro catalogador/agencia de origen: DLC
- Lengua de catalogación: eng
- Normas de descripción: rda
- Centro/agencia transcriptor: DLC
- Centro/agencia modificador: OCoLC
- Centro/agencia modificador: InU
- Centro/agencia modificador: DNLM
046 ## - FECHAS CON CODIFICACIÓN ESPECIAL
- Período de inicio: 1853
- Fuente del esquema de fecha: edtf
110 2# - ENCABEZAMIENTO-NOMBRE DE ENTIDAD CORPORATIVA
- Nombre de entidad corporativa o nombre de jurisdicción como elemento de entrada: Levi Strauss and Company
410 2# - TRAZADO DE VÉASE--NOMBRE DE ENTIDAD CORPORATIVA
- Nombre de entidad corporativa o nombre de jurisdicción como elemento de entrada: Levi's (Firm)
410 2# - TRAZADO DE VÉASE--NOMBRE DE ENTIDAD CORPORATIVA
- Nombre de entidad corporativa o nombre de jurisdicción como elemento de entrada: Strauss and Company
410 0# - TRAZADO DE VÉASE--NOMBRE DE ENTIDAD CORPORATIVA
- Nombre de entidad corporativa o nombre de jurisdicción como elemento de entrada: Strauss (Levi) and Company
670 ## - FUENTE DE DATOS ENCONTRADOS
- Cita de la fuente: The World's still young. [MP] 1972.
670 ## - FUENTE DE DATOS ENCONTRADOS
- Cita de la fuente: WorldAIDSday1dec, 1998:
- Información encontrada: postcard (Levi's)